Disponibilné národné zdroje možno lepšie využiť

Financovanie a výkony slovenského výskumu a vývoja (VaV) v r. 1994. Štatistické vyhodnotenie výkonov VaV. Porovnanie so štátmi OECD. Návrh modelu na lepšie využitie disponibilných finančných zdrojov na VaV.

Gespeichert in:
Bibliographische Detailangaben
1. Verfasser: Nagy, P.
Format: Buchkapitel
Sprache:Slowakisch
Schlagworte:
Tags: Tag hinzufügen
Keine Tags, Fügen Sie das erste Tag hinzu!

MARC

LEADER 00000naa a2200000 4500
001 r018828
005 20230801103600.4
041 0 |a slo 
044 |a SK 
245 1 0 |a Disponibilné národné zdroje možno lepšie využiť  |c P. Nagy 
520 |a Financovanie a výkony slovenského výskumu a vývoja (VaV) v r. 1994. Štatistické vyhodnotenie výkonov VaV. Porovnanie so štátmi OECD. Návrh modelu na lepšie využitie disponibilných finančných zdrojov na VaV. 
610 2 0 |a Slovensko 
610 2 0 |a OECD 
610 2 0 |a 1994-1996 
610 2 0 |a výskum 
610 2 0 |a vývoj 
610 2 0 |a technika 
610 2 0 |a tabuľky štatistické 
610 2 0 |a výdavky rozpočtu štátneho 
610 2 0 |a pracovníci vedeckí 
610 2 0 |a pracovníci výskumní 
610 2 0 |a financovanie vývoja 
100 1 |a Nagy, P.